Do Start-ups in Czech Republic use Cloud Computing?
Využitie cloud computingu v nových firmách (start-upoch) v Českej republike.
Gespeichert in:
| 1. Verfasser: | |
|---|---|
| Weitere Verfasser: | |
| Format: | Buchkapitel |
| Sprache: | Englisch |
| Schlagworte: | |
| Tags: |
Keine Tags, Fügen Sie das erste Tag hinzu!
|
MARC
| LEADER | 00000nla a2200000 4500 | ||
|---|---|---|---|
| 001 | 0205499 | ||
| 005 | 20231121091005.5 | ||
| 041 | 0 | |a eng | |
| 044 | |a RS | ||
| 245 | 1 | 0 | |a Do Start-ups in Czech Republic use Cloud Computing? |c Jaromír Veber, Radim Čermák |
| 520 | |a Využitie cloud computingu v nových firmách (start-upoch) v Českej republike. | ||
| 610 | 2 | 0 | |a technológie informačné |
| 610 | 2 | 0 | |a technológie komunikačné |
| 610 | 2 | 0 | |a cloud computing |
| 610 | 2 | 0 | |a start-up |
| 610 | 2 | 0 | |a firmy |
| 610 | 2 | 0 | |a Česko |
| 100 | 1 | |a Veber, Jaromír | |
| 700 | 1 | |a Čermák, Radim | |